|
|
|
|
| LEADER |
00646nam a22002052a 4500 |
| 001 |
000487671 |
| 003 |
CZ BrMZK |
| 005 |
20160204090555.0 |
| 007 |
ta |
| 008 |
000105s1986 gw f ger d |
| 040 |
|
|
|a BOA001
|b cze
|
| 100 |
1 |
|
|a Song, Kyung-An
|4 dis
|
| 245 |
1 |
4 |
|a Das Passiv :
|b Seine Forum und Funktion /
|c Kyung-An Song
|
| 260 |
|
|
|a Bochum :
|b K.-A.Song,
|c 1986
|
| 300 |
|
|
|a 201 s.
|
| 502 |
|
|
|a Disertace--Ruhr-Universität Bochum, 1986
|
| 710 |
2 |
|
|a Ruhr-Universität Bochum
|7 kn20010710603
|
| 910 |
|
|
|a BOA001
|b M2-0915.540
|
| 990 |
|
|
|a BK
|
| 996 |
7 |
|
|b 2619747087
|c M2-0915.540
|l MZK
|r Sklad / do 24 hodin
|n 4
|w 000487671
|u 000010
|a 1
|e BOA001
|j MZK50
|s A
|